Connaissance et interet
Αποθηκεύτηκε σε:
| Κύριος συγγραφέας: | |
|---|---|
| Άλλοι συγγραφείς: | |
| Μορφή: | Βιβλίο |
| Γλώσσα: | French German |
| Δημοσίευση: |
Paris :
Gallimard,
1976.
|
| Σειρά: | Collection Tel ;
38 |
| Θέματα: | |
| Ετικέτες: |
Προσθήκη ετικέτας
Δεν υπάρχουν, Καταχωρήστε ετικέτα πρώτοι!
|
MARC
| LEADER | 00000cam a2200000 i 4500 | ||
|---|---|---|---|
| 001 | 1/57529 | ||
| 008 | 020118s1976 fr | ||| |||| ||fre|| | ||
| 020 | |a 2070286525 | ||
| 035 | |l 10000175 | ||
| 040 | |a GR-MyUa |b gre |e AACR2 | ||
| 041 | 1 | |a fre |h ger | |
| 082 | 7 | |a 121.09034 |2 (22) | |
| 100 | 1 | |a Habermas, Jürgen. | |
| 245 | 1 | 0 | |a Connaissance et interet / |c Jurgen Habermas ; traduit de l'allemand par Gerard Clemencon. |
| 260 | |a Paris : |b Gallimard, |c 1976. | ||
| 300 | |a 386 σ. ; |c 22 εκ. | ||
| 490 | 1 | |a (Collection Tel ; |v 38) | |
| 500 | |a Τίτλος πρωτοτύπου: Erkennntnis und Interesse. | ||
| 650 | 0 | |a Knowledge, Theory of |x History. | |
| 700 | 1 | |a Clemencon, Gerard, |e trl | |
| 830 | 0 | |a Collection Tel ; |v 38 | |
| 852 | |a INST |b RHODES |e 20020118 |h 121.09034 HAB |p 005400016765 |q 005400016765 |t BK |y 0 | ||
| 901 | |a BIBL4-2002-1 | ||
| 922 | |a 4ΕΛΗ |b 199803 |c ΚΑΛΑΒΑΣΗΣ |d ΚΩΣΤΑΡΑΚΗΣ | ||
| 970 | |a Κουλακιότη |b Λίτσα |z 2002/01/18 | ||